[Event "World Cup U18 Girls Prel"]
[Site "Tornelo INT"]
[Date "2021.08.01"]
[Round "8"]
[White "Cruz Flores, Beatriz Milagros"]
[Black "Ahmed, Walijah"]
[Result "0-1"]
[WhiteElo "1257"]
[BlackElo "1904"]
[PlyCount "114"]
[EventDate "2021.08.01"]
[EventType "swiss (rapid)"]
[EventRounds "10"]
[EventCountry "NET"]
[SourceTitle "EXT 2024"]
[Source "ChessBase"]
[SourceDate "2023.10.10"]
[SourceVersion "1"]
[SourceVersionDate "2023.10.10"]
[SourceQuality "1"]

1. e4 c5 2. Nf3 e6 3. c4 Nc6 4. Be2 Qc7 5. 0-0 Nf6 6. Nc3 a6 7. d4 cxd4 8. Nxd4 Bb4 9. Nxc6 bxc6 10. Bf3 0-0 11. a3 Be7 12. Bg5 e5 13. Qd2 d6 14. b4 Be6 15. Be2 h6 16. Be3 Ng4 17. Rfd1 Nxe3 18. Qxe3 Bg5 19. Qd3 Rad8 20. g3 f5 21. h4 Be7 22. Rab1 f4 23. a4 fxg3 24. fxg3 Qb6+ 25. Kh1 Rf2 26. Rf1 Rdf8 27. Rxf2 Rxf2 28. Rf1 Rxf1+ 29. Bxf1 Qxb4 30. Be2 a5 31. Kg2 Qc5 32. Nd1 Bd8 33. Qf3 Bb6 34. Nf2 Bxc4 35. Bxc4+ Qxc4 36. g4 Qd4 37. Qf5 Qxf2+ 38. Qxf2 Bxf2 39. Kxf2 Kf7 40. Ke3 Ke6 41. Kd3 d5 42. h5 Kd6 43. exd5 cxd5 44. Kc3 Kc5 45. Kb3 d4 46. Kc2 Kc4 47. Kd2 e4 48. Ke2 d3+ 49. Kd2 Kd4 50. Kd1 e3 51. g5 e2+ 52. Kd2 hxg5 53. h6 gxh6 54. Ke1 g4 55. Kf2 Kc3 56. Ke1 d2+ 57. Kxe2 Kc2 0-1

[Event "World Cup U18 Girls Prel"]
[Site "Tornelo INT"]
[Date "2021.08.01"]
[Round "3"]
[White "Ilyina, Lada"]
[Black "Cruz Flores, Beatriz Milagros"]
[Result "1-0"]
[WhiteElo "1977"]
[BlackElo "1257"]
[PlyCount "77"]
[EventDate "2021.08.01"]
[EventType "swiss (rapid)"]
[EventRounds "10"]
[EventCountry "NET"]
[SourceTitle "EXT 2024"]
[Source "ChessBase"]
[SourceDate "2023.10.10"]
[SourceVersion "1"]
[SourceVersionDate "2023.10.10"]
[SourceQuality "1"]

1. d4 Nf6 2. c4 g6 3. f3 Bg7 4. e4 d6 5. Nc3 0-0 6. Be3 Nbd7 7. Qd2 Re8 8. 0-0-0 a6 9. e5 dxe5 10. dxe5 c5 11. exf6 Bxf6 12. Ne4 Qc7 13. Nxf6+ Nxf6 14. Bg5 Be6 15. Nh3 b5 16. Nf4 Red8 17. Nxe6 fxe6 18. Qe3 e5 19. Be2 Rd4 20. Qc3 Rad8 21. Be3 b4 22. Qb3 R4d7 23. Rxd7 Rxd7 24. Rd1 Rxd1+ 25. Qxd1 a5 26. g4 Kg7 27. g5 Nd7 28. Qd5 a4 29. Bd3 a3 30. bxa3 bxa3 31. Qa8 e4 32. Bxe4 Qe5 33. Qxa3 Qxh2 34. Qc3+ Kf8 35. Qd2 Qh1+ 36. Kb2 Ne5 37. Bd5 e6 38. Bxe6 Qh5 39. Qd6+ 1-0

[Event "World Cup U18 Girls Prel"]
[Site "Tornelo INT"]
[Date "2021.08.01"]
[Round "7"]
[White "Ramanayake, Nemindi Linaya"]
[Black "Cruz Flores, Beatriz Milagros"]
[Result "0-1"]
[WhiteElo "1345"]
[BlackElo "1257"]
[PlyCount "72"]
[EventDate "2021.08.01"]
[EventType "swiss (rapid)"]
[EventRounds "10"]
[EventCountry "NET"]
[SourceTitle "EXT 2024"]
[Source "ChessBase"]
[SourceDate "2023.10.10"]
[SourceVersion "1"]
[SourceVersionDate "2023.10.10"]
[SourceQuality "1"]

1. e4 c5 2. Nf3 d6 3. d4 cxd4 4. Qxd4 Nc6 5. Qe3 Nf6 6. Be2 e5 7. 0-0 Be7 8. Rd1 0-0 9. c4 Qc7 10. Nc3 Be6 11. b3 Ng4 12. Qd2 Rad8 13. h3 Nf6 14. Bb2 a6 15. Qe3 Nh5 16. Nd5 Bxd5 17. cxd5 Nb4 18. Rac1 Qd7 19. a3 a5 20. axb4 axb4 21. Rc4 Nf4 22. Rxb4 f5 23. Bb5 Qc7 24. Rc4 Qa5 25. Ba4 Rc8 26. Rxc8 Rxc8 27. Bd7 Rc2 28. Rd2 Qc7 29. Bxf5 Bd8 30. Rxc2 Qxc2 31. Qd2 Qxb3 32. Be6+ Kf8 33. Bd7 b5 34. Qc3 Ne2+ 35. Kh2 Nxc3 36. Bxc3 Qxc3 0-1